Pays modernes composants d'anciens pays - Statistiques

Statistiques générales
  • Ce quiz a été pris 29 fois
  • Le résultat moyen est 12 sur 22
Statistiques - réponses
Années Anciens pays Pays modernes % Correct
1368–1644 Ming Chine
93%
1350–1939 Siam Cambodge
85%
1350–1939 Siam Laos
85%
1350–1939 Siam Thaïlande
85%
1875–1948 Ceylan britannique Sri Lanka
78%
1350–1939 Siam Birmanie
74%
1198–1918 Royaume de Bohême République Tchèque
70%
1198–1918 Royaume de Bohême Pologne
67%
1198–1918 Royaume de Bohême Allemagne
59%
1350–1939 Siam Malaisie
59%
1392–1897 Joseon Corée du Nord
56%
1392–1897 Joseon Corée du Sud
56%
700–1902 Empire Kanem-Bornou Tchad
44%
700–1902 Empire Kanem-Bornou Niger
41%
700–1902 Empire Kanem-Bornou Nigeria
41%
700–1902 Empire Kanem-Bornou Cameroun
37%
1480–1891 Empire Maravi Malawi
33%
1480–1891 Empire Maravi Zambie
33%
700–1902 Empire Kanem-Bornou Libye
30%
1480–1891 Empire Maravi Mozambique
30%
-1000–1537 Muisca (ou Chibcha) Colombie
26%
500–1601 Calusa Etats-Unis
26%
Aucun quiz correspondant
Distribution des résultats
% des personnes avec chaque résultat
Percentile par nombre de réponses
Votre historique - résultats
Vous n’avez pas pris ce quiz